|
|
|
|
| LEADER |
00000nam a2200000 a 4500 |
| 001 |
UCG3029 |
| 003 |
CL-VaPUC |
| 008 |
100805e19890900US |||||||||||||||||eng|d |
| 082 |
0 |
4 |
|a 600
|b IBM
|2 21
|
| 110 |
2 |
|
|a International Business Machines Corporation IBM
|e author
|9 551787
|
| 245 |
1 |
0 |
|a IBM una compañía especial: 75 aniversario
|
| 300 |
|
|
|a 84 p
|
| 942 |
|
|
|c BK
|
| 945 |
|
|
|d 20100805 00:00:00
|a mfarfan
|
| 260 |
|
|
|a Nueva York
|b IBM
|c 1989
|
| 500 |
|
|
|a Publicada por Think vol.55, N§5
|
| 600 |
0 |
7 |
|a IBM
|2 CL-VaPUC
|9 481271
|
| 650 |
|
0 |
|a Tecnología
|9 256742
|
| 650 |
|
0 |
|a Historia
|9 255047
|
| 583 |
|
|
|a last modification
|c 20100805 00:00:00
|k Rodrigo Vera
|
| 999 |
|
|
|c 342128
|d 342126
|
| 952 |
|
|
|0 0
|1 0
|4 0
|6 600_000000000000000_IBM_1989
|7 0
|8 C
|9 438115
|a BIBCUR
|b BIBCUR
|d 2019-11-22
|i 4701763
|o 600 IBM 1989
|p 4701763
|r 2025-04-22
|w 2019-11-22
|y BK
|k EXP
|